| 000 | 00637nam a2200229 i 4500 | ||
|---|---|---|---|
| 001 | 18990 | ||
| 003 | ES-MaACL | ||
| 005 | 20250802062550.0 | ||
| 007 | t| | ||
| 008 | 010927s2001 sp ||||0| spa | ||
| 020 | _a84-7039-844-X | ||
| 080 | _a821.134.2(082.2) | ||
| 080 | _a929 Catena, Elena (082.2) | ||
| 245 | 0 | 0 | _aHomenaje a Elena Catena. |
| 260 |
_aMadrid : _bCastalia, _c[2001] |
||
| 300 |
_aXIII, 554 p. : _b1 retr. ; _c25 cm. |
||
| 600 | 1 | 4 |
_aCatena, Elena- _vHomenajes. _937057 |
| 650 | 7 |
_aLiteratura espaƱola _2embne _914539 |
|
| 700 | 1 |
_aCatena, Elena. _937056 |
|
| 852 |
_aES-MaACL _jL-25463 |
||
| 999 |
_c18990 _d18990 |
||